000 00687nam a2200217 i 4500
001 bg
100 1 _aFIALKOW, Jurij J.
245 0 _aChemia fizyczna roztworów niewodnych /
_cJurij J. Fialkow, Aleksandr N. Żitomirskij, Jurij A. Tarasenko ; tł. z ros. Jadwiga Demichowicz-Pigoniowa.
260 _aWarszawa :
_bPaństwowe Wydaw. Naukowe,
_c1984.
300 _a384, [3] s. :
_bwykr. ;
_c24 cm.
504 _aBibliogr. s. 363-371.
700 1 _aŻITOMIRSKIJ, Aleksandr N.
700 1 _aTARASENKO, Jurij A.
020 _a8301024135
040 _cBPK
041 _apol
080 _a541.1
920 _a83-01-02413-5
942 _cKS
008 s pl f |000 0 pol
999 _c22329
_d22329
856 _uhttp://koha.tu.koszalin.pl/cgi-bin/koha/opac-detail.pl?biblionumber=22329
_yKatalog online BPK